[Event "La Zubia op 13th"]
[Site "La Zubia"]
[Date "2024.12.07"]
[Round "6"]
[White "Seco de Herrera Martinez, Diego"]
[Black "Lopez Nieto, Jose Manuel"]
[Result "0-1"]
[WhiteElo "1679"]
[BlackElo "2041"]
[PlyCount "102"]
[EventDate "2024.12.05"]
[EventType "swiss"]
[EventRounds "7"]
[EventCountry "ESP"]
[SourceTitle "CB04_2025"]
[SourceDate "2025.01.22"]
[SourceVersion "1"]
[SourceVersionDate "2025.01.22"]
[SourceQuality "1"]

1. e4 g6 2. Nc3 c6 3. Nf3 d5 4. exd5 cxd5 5. d4 Nc6 6. Bb5 Nf6 7. 0-0 Bg7 8. h3 0-0 9. Re1 a6 10. Bxc6 bxc6 11. Na4 Nd7 12. Bf4 f6 13. Qd2 Qe8 14. Qc3 c5 15. Nxc5 Nxc5 16. Qxc5 e6 17. Bh2 Qb5 18. Qxb5 axb5 19. Nd2 Re8 20. Nf3 Bd7 21. a3 g5 22. Re3 b4 23. Bd6 Bf8 24. Bxf8 Kxf8 25. Rb3 Reb8 26. Rc1 bxa3 27. Rxa3 Rxa3 28. bxa3 Rc8 29. Nd2 Rc3 30. Nb3 Ke7 31. Nc5 e5 32. Nb3 e4 33. Kf1 Bb5+ 34. Ke1 e3 35. fxe3 Rxe3+ 36. Kf2 Rc3 37. Ke1 Bc4 38. Nc5 Rxa3 39. Rb1 Re3+ 40. Kf2 Re2+ 41. Kf3 Kf7 42. Rc1 Kg6 43. c3 h5 44. Na4 Ra2 45. Nb6 Be2+ 46. Ke3 Ba6 47. g3 f5 48. Nxd5 Re2+ 49. Kf3 g4+ 50. hxg4 hxg4+ 51. Kf4 Re4# 0-1